University Home | Library Home | Institutional Repository

Canterbury tales : (Record no. 187631)

MARC details
000 -LEADER
fixed length control field 00573cam0a220018100 4500
001 - CONTROL NUMBER
control field tmp15974916
003 - CONTROL NUMBER IDENTIFIER
control field UPRA
005 - DATE AND TIME OF LATEST TRANSACTION
control field 20190830105943.0
008 - FIXED-LENGTH DATA ELEMENTS--GENERAL INFORMATION
fixed length control field 951116s1960 enk eng u
035 ## - SYSTEM CONTROL NUMBER
System control number (Sirsi) r26186
035 ## - SYSTEM CONTROL NUMBER
System control number (UPRA)tmp15974916
040 ## - CATALOGING SOURCE
Transcribing agency UPRA
100 1# - MAIN ENTRY--PERSONAL NAME
Personal name Chaucer, Geoffrey, d. 1400.
Dates associated with a name Chaucer, Geoffrey, d. 1400.
Linkage A926.1
245 10 - TITLE STATEMENT
Title Canterbury tales :
Remainder of title the prologue and squire's tale /
Statement of responsibility, etc. ed. by A.J. Wyatt.
260 ## - PUBLICATION, DISTRIBUTION, ETC.
Place of publication, distribution, etc. London :
Name of publisher, distributor, etc. University Tutorial Press,
Date of publication, distribution, etc. [1960]
949 ## - LOCAL PROCESSING INFORMATION (OCLC)
a PR1868
w lcc
i -26799
m MAIN
t BOOK
l ON-SHELF

No items available.

© 2026 - The University of Zambia Library - Koha v25.11